Arduino: práctica de fundamentos y simulación (Registro nro. 12483)
[ vista simple ]
| 000 -Cabecera | |
|---|---|
| Campo de control de longitud fija | 00805nam a22003017a 4500 |
| 005 - Fecha y hora de la última transacción | |
| Campo de control | 20230830115530.0 |
| 008 - Elementos de longitud fija--Información general | |
| Campo de control de longitud fija | 191118b2016 xxu||||| |||| 00| 0 spa d |
| 020 ## - International Standard Book Number | |
| Número Internacional Estándar del Libro (ISBN) | 9789587626025 |
| 041 ## - Idioma | |
| Código de idioma | Español |
| 082 ## - Clasificación Decimal Dewey | |
| Número de clasificación | 621.381.5 L864a |
| 100 ## - Entrada principal--Autor personal | |
| Nombre personal | López Aldea, Eugenio |
| 9 (RLIN) | 56862 |
| 245 ## - Título propiamente dicho | |
| Título | Arduino: práctica de fundamentos y simulación |
| 260 ## - Pie de imprenta | |
| Lugar de publicación, distribución, etc. | Colombia |
| 260 ## - Pie de imprenta | |
| Nombre del editor, distribuidor, etc. | Ediciones de la U |
| 260 ## - Pie de imprenta | |
| Fecha de publicación, distribución, etc. | 2016 |
| 300 ## - Descripción física | |
| Extensión | 243 páginas |
| 650 ## - Materia general | |
| Temática (materia general) | ELECTRÓNICA |
| 650 ## - Materia general | |
| Temática (materia general) | ARDUINO |
| 650 ## - Materia general | |
| Temática (materia general) | ELECTRICIDAD |
| 650 ## - Materia general | |
| Temática (materia general) | TEORÍA DE CIRCUITOS |
| 650 ## - Materia general | |
| Temática (materia general) | LEY DE OHM |
| 650 ## - Materia general | |
| Temática (materia general) | ELECTRÓNICA ANALÓGICA |
| 650 ## - Materia general | |
| Temática (materia general) | ELECTRÓNICA DIGITAL |
| 650 ## - Materia general | |
| Temática (materia general) | HARDWARE ABIERTO |
| 650 ## - Materia general | |
| Temática (materia general) | SIMULACIÓN ELECTRÓNICA |
| 942 ## - Punto de acceso adicional KOHA | |
| Tipo de ítem KOHA | Libro |
| Fuente del sistema de clasificación o colocación | Dewey Decimal Classification |
| Signatura completa | Código de barras | Programa Académico | Tipo de ítem |
|---|---|---|---|
| 621.381.5 L864a | 24793 | Electrónica | Libro |
| 621.381.5 L864a | 24794 | Electrónica | Libro |